000 00213 a2200097 4500
001 49610
100 _aCarnegie
245 _aThe Quick essay way to
260 _aN Yoor
_bPockets book n
_c
090 _c32129
_d32129
942 _aNUST-CAE
_cM
_c24591
999 _c284683
_d284683